00876nam a22002415a 450000500170000000800410001702000180005804000380007608200210011410000250013524500600016025000120022026000340023230000330026650400530029965000390035265000320039165100100042365300240043394200080045799900170046595201520048220161214105914.0161214t2016 gw a frb 001 0 eng d a9783131383723 aEG-ScBUEbengcEG-ScBUEdEG-ScBUE04222a617.632bMUE1 aMueller, Hans-Peter.10aPeriodontology :bthe essentials /cHans-Peter Mueller. a2nd ed. aStuttgart :bThieme,cc.2016. aix, 261 p. :bill. ;c24 cm. aIncludes bibliographical references and indexes. 72BUEsh932101aPeriodontal disease. 7939502aPeriodontics.2BUEsh 2BUEsh bDDentcDecember2016 2ddc c23564d23536 00102ddc40708AlahramaMAINbMAINc1STd2016-12-14ePurchaseg460.00l3m53o617.632 MUEp000040386r2025-07-15 00:00:00s2018-11-25v575.00yBB